Les principaux producteurs de kiwis dans le monde en 2015 - Statistiques

Statistiques générales
  • Ce quiz a été pris 76 fois
  • Le résultat moyen est 9 sur 14
Statistiques - réponses
Production mondiale Pays % Correct
aucune donnée officielle Chine
94%
28% Nouvelle Zélande
87%
5,5% France
85%
1,4% Espagne
82%
32% Italie
79%
Portugal
79%
6,1% Grèce
75%
1,7% Turquie
73%
Etats Unis
72%
2,5% Japon
72%
16% Chili
49%
2,2% Iran
46%
Corée du Sud
42%
autre nom du kiwi groseille de Chine
3%
Aucun quiz correspondant
Distribution des résultats
% des personnes avec chaque résultat
Percentile par nombre de réponses
Votre historique - résultats
Vous n’avez pas pris ce quiz